The death of art (Record no. 26312)
[ view plain ]
| 000 -LEADER | |
|---|---|
| fixed length control field | 00476nam a2200181Ia 4500 |
| 005 - DATE AND TIME OF LATEST TRANSACTION | |
| control field | 20250605121248.0 |
| 008 - FIXED-LENGTH DATA ELEMENTS--GENERAL INFORMATION | |
| fixed length control field | 231207s9999 xx 000 0 und d |
| 020 ## - INTERNATIONAL STANDARD BOOK NUMBER | |
| International Standard Book Number | 9780761834663 |
| 040 ## - CATALOGING SOURCE | |
| Transcribing agency | PK-LaNCA |
| 082 ## - DEWEY DECIMAL CLASSIFICATION NUMBER | |
| Classification number | 701 |
| Item number | SHA |
| 100 ## - MAIN ENTRY--PERSONAL NAME | |
| Author Name | Sharma, B. R. |
| 245 #4 - TITLE STATEMENT | |
| Title | The death of art |
| Statement of responsibility, etc. | B. R. Sharma |
| 260 ## - PUBLICATION, DISTRIBUTION, ETC. | |
| Name of publisher, distributor, etc. | University Press of America |
| Place of publication, distribution, etc. | Maryland |
| Date of publication, distribution, etc. | 2006 |
| 300 ## - PHYSICAL DESCRIPTION | |
| Pages | xi, 93p |
| 546 ## - LANGUAGE NOTE | |
| Language note | English |
| 650 ## - SUBJECT ADDED ENTRY--TOPICAL TERM | |
| Subject | Art(Philosophy), Art(Psychology) |
| 942 ## - ADDED ENTRY ELEMENTS (KOHA) | |
| Koha item type | M. Phil. |
| 999 ## - | |
| -- | 26312 |
| -- | 26312 |
| Withdrawn status | Weedout from Library | Permanent Location | Current Location | Shelving location | Date acquired | Full call number | Barcode | Price effective from | Koha item type |
|---|---|---|---|---|---|---|---|---|---|
| NATIONAL COLLEGE OF ARTS, LAHORE - LIBRARY | NATIONAL COLLEGE OF ARTS, LAHORE - LIBRARY | M.Phil Section Basement of Library | 08/12/2023 | 701 SHA 30714 | 30714 | 08/12/2023 | M. Phil. |